000 00545nam a2200217Ia 4500
003 OSt
005 20220928140359.0
006 a|||||r|||| 00| 0
007 ta
008 220927b |||||||| |||| 00| 0 eng d
024 _a8094
037 _cTextual
040 _aSDCL
_cSDCL
_beng
041 _2eng
_aeng
082 _aD6,8(B),277, N8
100 _aPerreault Yves Au.
_9494968
245 0 _aImplementing baan IV
260 _c1998
942 _hD6,8(B),277, N8
_cTEXL
_2CC
999 _c811078
_d811078